Revolution in the revolution? : armed struggle and political struggle in Latin America /
| Main Author: | |
|---|---|
| Format: | Book |
| Language: | English French Spanish |
| Published: |
New York :
Grove Press,
1967.
|
| Edition: | 1st Evergreen black cat ed. |
| Series: | Evergreen black cat book ;
B-144. |
| Subjects: |
MARC
| Tag | First Indicator | Second Indicator | Subfields |
|---|---|---|---|
| LEADER | 00000cam a2200000 a 4500 | ||
| 001 | in00000084863 | ||
| 005 | 20151008054411.0 | ||
| 008 | 721130s1967 nyu b 00010 eng d | ||
| 035 | |a (OCoLC)00504419 | ||
| 035 | |9 AAJ0545AM | ||
| 040 | |a ANC |c ANC |d m.c. |d TXA |d UtOrBLW | ||
| 041 | 1 | |a eng |a fre |a spa | |
| 043 | |a cl----- | ||
| 049 | |a TXAM |c [1387234] | ||
| 090 | |a U240 |b .D2813 1967a | ||
| 100 | 1 | |a Debray, Régis. | |
| 240 | 1 | 0 | |a Revolution dans la revolution? |l English |
| 245 | 1 | 0 | |a Revolution in the revolution? : |b armed struggle and political struggle in Latin America / |c Regis Debray ; translated from the author's French and Spanish by Bobbye Ortiz. |
| 250 | |a 1st Evergreen black cat ed. | ||
| 264 | 1 | |a New York : |b Grove Press, |c 1967. | |
| 300 | |a 126 pages ; |c 18 cm. | ||
| 336 | |a text |b txt |2 rdacontent | ||
| 337 | |a unmediated |b n |2 rdamedia | ||
| 338 | |a volume |b nc |2 rdacarrier | ||
| 490 | 1 | |a An Evergreen black cat book ; |v B-144 | |
| 500 | |a Translation of: Revolution dans la revolution? | ||
| 504 | |a Includes bibliographical references. | ||
| 650 | 0 | |a Guerrilla warfare. | |
| 650 | 0 | |a Guerrillas |z Latin America. | |
| 651 | 0 | |a Latin America |x Politics and government |y 1948-1980. | |
| 830 | 0 | |a Evergreen black cat book ; |v B-144. | |
| 999 | |a MARS | ||
| 999 | f | f | |s 2a3cfb2a-e14f-37b2-b562-be5ae63ef4b6 |i 224c0db6-5803-3851-8a3c-d2b13b4fd3cd |t 0 |
| 952 | f | f | |p ric |a Texas A&M University |b Rellis Campus |c Joint Library Facility |d Remote Storage |t 0 |e U240 .D2813 1967a |h Library of Congress classification |i unmediated -- volume |m A14806260621 |
| 998 | f | f | |a U240 .D2813 1967a |t 0 |l Remote Storage |